Black in the Answers #2 - Statistics

General Stats
  • This quiz has been taken 79,747 times
    21,640 since last reset
  • The average score is 14 of 20
Answer Stats
Clue Answer % Correct
Karate rank Black belt
99%
A piano has 36 of them Black keys
92%
Evil witchcraft Black magic
92%
The underground economy Black market
88%
Crimea juts into it Black Sea
85%
Member of the family who is the odd one out Black sheep
85%
Deadly African snake Black mamba
81%
To ban Blacklist
80%
Slippery but invisible road hazard Black ice
76%
Nickname for crude oil Black gold
74%
Harry Potter's godfather Sirius Black
72%
Common name for Ursus americanus or Ursus thibetanus Black bear
70%
Region in Germany or a type of cake Black Forest
69%
Completely unexpected event or Natalie Portman movie Black Swan
65%
K-pop group featuring Jisoo, Jennie, Rosé, and Lisa Blackpink
58%
Horse novel by Anna Sewell Black Beauty
52%
Seaside town in Northwest England Blackpool
50%
In Monty Python, he gets his arm cut off and says "tis but a scratch" Black Knight
48%
Faux-historical comedy series starring Rowan Atkinson Blackadder
42%
Unethical computer hacker Black hat
25%
No matching quizzes found
Score Distribution
Percent of People with Each Score
Percentile by Number Answered
Your Score History
You have not taken this quiz since the last reset